书目信息 |
| 题名: |
烟花爆竹经营安全必读
|
|
| 作者: | 王凯全 主编 | |
| 分册: | ||
| 出版信息: | 北京 中国石化出版社 2007.01 |
|
| 页数: | 249页 | |
| 开本: | 20cm | |
| 丛书名: | ||
| 单 册: | ||
| 中图分类: | TQ567.9 | |
| 科图分类: | ||
| 主题词: | 爆竹--bao zhu--安全管理--基本知识 | |
| 电子资源: | ||
| ISBN: | 978-7-80229-222-2 | |
| 000 | 00843nam0 2200229 450 | |
| 001 | 012007038008 | |
| 005 | 20071008101408.15 | |
| 010 | @a978-7-80229-222-2@dCNY20.00 | |
| 100 | @a20070803d2007 km y0chiy0120 ea | |
| 101 | 0 | @achi |
| 102 | @aCN@b110000 | |
| 105 | @ak a 000yy | |
| 200 | 1 | @a烟花爆竹经营安全必读@Ayan hua bao zhu jing ying an quan bi du@f王凯全主编@Fwang kai quan zhu bian |
| 210 | @a北京@c中国石化出版社@d2007.01 | |
| 215 | @a249页@d20cm | |
| 320 | @a有书目 (第248-249页)。 | |
| 330 | @a本书介绍了烟花爆竹及其经营的危险性、烟花爆竹经营的安全法规、烟花爆竹经营单位开办条件、烟花爆竹储存场所的安全管理、烟花爆竹安全销售、烟花爆竹经营事故应急预案等内容。 | |
| 606 | 0 | @a爆竹@Abao zhu@x安全管理@x基本知识 |
| 690 | @aTQ567.9@v4 | |
| 701 | 0 | @a王凯全@Awang kai quan@4主编 |
| 801 | 0 | @aCN@c20071008 |
| 905 | @dTQ567.9@eW245 | |
| 烟花爆竹经营安全必读/王凯全主编.-北京:中国石化出版社,2007.01 |
| 249页;20cm |
| ISBN 978-7-80229-222-2:CNY20.00 |
| 本书介绍了烟花爆竹及其经营的危险性、烟花爆竹经营的安全法规、烟花爆竹经营单位开办条件、烟花爆竹储存场所的安全管理、烟花爆竹安全销售、烟花爆竹经营事故应急预案等内容。 |
| ● |
| 相关链接 |
|
|
|
正题名:烟花爆竹经营安全必读
索取号:TQ567.9/W245
 
预约/预借
| 序号 | 登录号 | 条形码 | 馆藏地/架位号 | 状态 | 备注 |
| 1 | 250622 | 202506225 | 自科库501/501自科库 40排2列2层/ [索取号:TQ567.9/W245] | 在馆 | |
| 2 | 250623 | 202506234 | 自科库501/501自科库 40排2列2层/ [索取号:TQ567.9/W245] | 在馆 | |
| 3 | 250624 | 202506243 | 期刊室512/501自科库 40排2列2层/ [索取号:TQ567.9/W245] | 在馆 |